| 000 | 00672nam a2200181Ia 4500 | ||
|---|---|---|---|
| 999 |
_c13613 _d13613 |
||
| 082 | _aRR 920.7203 ENC- | ||
| 245 | 0 | _aEncyclopedia of women biography : India, Pakistan, Bangladesh | |
| 260 |
_aNew Delhi _bA.P.H. Publishing _c2001 |
||
| 300 | _a3v. | ||
| 500 | _aContents: Vol.1 A-G (81-7648-262-5) (xxxviii,547p.). - v.2 H-O (81-7648-263-3) (xxxviii,478p.). - v.3 P-Z (81-7648-264-1) (xxxviii,499p.). | ||
| 650 | _aWomen - Encyclopedias - Bangladesh | ||
| 650 | _aWomen - Biography | ||
| 650 | _aCelebrities - Biography | ||
| 650 | _aWomen - Encyclopedias - Pakistan | ||
| 650 | _aWomen - Encyclopedias - India | ||
| 700 | _aSingh, Nagendra Kr. | ||
| 942 |
_cBK _2ddc |
||